[Event "FB21 2324 SZ Seeblick Dippoldiswalde - S"]
[Site "?"]
[Date "2024.01.20"]
[Round "4.4"]
[White "Peglau, Sarah"]
[Black "Loos, Tilda"]
[Result "1/2-1/2"]
[WhiteElo "1767"]
[BlackElo "1359"]
[PlyCount "101"]
[EventDate "2024.03.26"]

1. d4 Nf6 2. c4 b6 3. Nf3 Bb7 4. Bf4 e6 5. e3 Be7 6. Nc3 d5 7. Rc1 a6 8. cxd5 exd5 9. Bd3 O-O 10. O-O Nbd7 11. a3 c5 12. dxc5 Nxc5 13. Bb1 Bd6 14. Bg5 h6 15. Bxf6 Qxf6 16. b4 Ne6 17. Nxd5 Bxd5 18. Qxd5 Rfd8 19. Qc6 Qb2 20. Qc3 Qxc3 21. Rxc3 a5 22. b5 Nc5 23. Nd4 Be5 24. Rd1 Ne6 25. Rc4 Nxd4 26. exd4 Rd6 27. Be4 Rad8 28. d5 Kf8 29. g3 g5 30. Kf1 Ke7 31. Ke2 Bb2 32. a4 Ba3 33. Rc6 Bc5 34. Rd3 Rf6 35. Rf3 Rxf3 36. Bxf3 Rd6 37. Be4 Rf6 38. f3 h5 39. Kd3 Rd6 40. Kc4 Bg1 41. h3 Bf2 42. g4 h4 43. Bh7 Bg3 44. Kd4 Rf6 45. Ke4 Rf4+ 46. Ke3 Rf6 47. Bf5 Rd6 48. Ke4 Bf4 49. Bh7 Rf6 50. Bf5 Rd6 51. Bh7 1/2-1/2

[Event "FB21 2324 SZ Seeblick Dippoldiswalde - S"]
[Site "?"]
[Date "2024.01.20"]
[Round "4.5"]
[White "Teichmann, Kerstin"]
[Black "Hentschel, Lena"]
[Result "0-1"]
[WhiteElo "1588"]
[BlackElo "1531"]
[PlyCount "92"]
[EventDate "2024.03.26"]

1. e4 g6 2. Nc3 Bg7 3. Nge2 d6 4. d3 c6 5. g3 e5 6. Bg2 Nf6 7. O-O O-O 8. Bg5 h6 9. Bd2 Nbd7 10. Qc1 Kh7 11. Kh1 Nb6 12. f4 Qe7 13. fxe5 dxe5 14. Rb1 Be6 15. a3 Qd7 16. Ng1 Rad8 17. Qe1 Ne8 18. a4 c5 19. a5 Nc4 20. Be3 Nxe3 21. Qxe3 Qd4 22. Qe1 c4 23. Nd5 cxd3 24. cxd3 Bxd5 25. exd5 Qxd3 26. Qb4 Nd6 27. Rfd1 Qb5 28. Qe1 f5 29. Ne2 b6 30. b4 Nc4 31. Nc3 Qd7 32. Qf2 bxa5 33. bxa5 a6 34. Rb4 Qc7 35. Rdb1 Nxa5 36. Na4 Rc8 37. Nb6 Rcd8 38. Qa2 Nb7 39. Qxa6 Nd6 40. Qa3 e4 41. Ra4 Nc8 42. Rc4 Qb7 43. Qc5 Nxb6 44. Rxb6 Qxd5 45. Qxd5 Rxd5 46. Kg1 Bd4+ 0-1

[Event "FB21 2324 SZ Seeblick Dippoldiswalde - S"]
[Site "?"]
[Date "2024.01.20"]
[Round "4.6"]
[White "Peglau, Adelheid"]
[Black "Kuehn, Elisabeth"]
[Result "1/2-1/2"]
[WhiteElo "1334"]
[BlackElo "1764"]
[PlyCount "30"]
[EventDate "2024.03.26"]

1. d4 d5 2. c4 c6 3. Nc3 Nf6 4. Nf3 e6 5. Qc2 Be7 6. Bf4 dxc4 7. a4 Bd6 8. e3 Bxf4 9. exf4 Nbd7 10. Bxc4 Nb6 11. Bd3 Nbd5 12. Nxd5 Nxd5 13. Qd2 Qc7 14. g3 b6 15. a5 Bb7 1/2-1/2

[Event "FB21 2324 TuS Coswig 1920 - SV Merseburg"]
[Site "?"]
[Date "2024.01.20"]
[Round "4.1"]
[White "Safonova, Valeria"]
[Black "Timme, Karin"]
[Result "0-1"]
[WhiteElo "1761"]
[BlackElo "2060"]
[PlyCount "181"]
[EventDate "2024.??.??"]

1. e4 c6 2. d4 d5 3. e5 Bf5 4. Nf3 e6 5. Be2 c5 6. Be3 Qb6 7. Nc3 Qxb2 8. Qb1 Qxc3+ 9. Bd2 Qxa1 10. Qxa1 Nc6 11. Qb2 O-O-O 12. O-O c4 13. Nh4 Be4 14. f3 Bg6 15. Nxg6 hxg6 16. Rb1 Rd7 17. Bd1 Nge7 18. c3 Rc7 19. Bg5 Rh5 20. Qd2 Nd8 21. f4 Rh8 22. Ba4 Nec6 23. Qb2 Be7 24. Bxe7 Rxe7 25. Bc2 Rc7 26. Rf1 Ne7 27. g3 Nf5 28. Rf3 Ne7 29. Qa3 Nec6 30. Kg2 Re8 31. g4 Rg8 32. Rh3 f5 33. g5 Re8 34. Ba4 Rd7 35. Rh7 Rf7 36. Kf3 Rd7 37. Qc1 Rc7 38. Qf1 a6 39. Qh3 b5 40. Bd1 a5 41. Ke2 Rb7 42. Kd2 b4 43. Kc2 a4 44. cxb4 Nxd4+ 45. Kc3 Nb5+ 46. Kd2 Ra7 47. Rh8 Rxh8 48. Qxh8 a3 49. Qe8 Nd4 50. Qxg6 Rc7 51. h4 Nb3+ 52. Kc2 Nd4+ 53. Kc1 Nb5 54. h5 Nc3 55. h6 gxh6 56. gxh6 Nxa2+ 57. Kd2 Nxb4 58. h7 a2 59. h8=Q a1=Q 60. Qxe6+ Kb7 61. Qxd8 Qd4+ 62. Ke2 Qe4+ 63. Kf1 Qxf4+ 64. Ke2 Qg4+ 65. Ke3 Qxd1 66. Qxc7+ Kxc7 67. Qd6+ Kc8 68. Qf8+ Kd7 69. Qd6+ Kc8 70. Qc5+ Kb7 71. Qxb4+ Kc6 72. Qd6+ Kb5 73. e6 Qd3+ 74. Kf4 Qe4+ 75. Kg5 c3 76. Qd7+ Kc4 77. e7 c2 78. e8=Q c1=Q+ 79. Kf6 Qh6+ 80. Qg6 Qxg6+ 81. Kxg6 f4+ 82. Kg5 f3 83. Qa4+ Kd3 84. Qb3+ Ke2 85. Qb2+ Ke3 86. Qc1+ Kf2 87. Qb2+ Kg3 88. Qb8+ Kg2 89. Kf6 f2 90. Qg8+ Kf3 91. Kg5 0-1

[Event "FB21 2324 TuS Coswig 1920 - SV Merseburg"]
[Site "?"]
[Date "2024.01.20"]
[Round "4.2"]
[White "Richter, Ulrike"]
[Black "Hartung, Katja"]
[Result "1/2-1/2"]
[WhiteElo "1850"]
[BlackElo "1920"]
[PlyCount "62"]
[EventDate "2024.??.??"]

1. c4 e6 2. d4 d5 3. e3 f5 4. Nc3 Nf6 5. Nf3 c6 6. Bd3 Bd6 7. h3 Ne4 8. Qc2 Na6 9. a3 Qa5 10. Qa4 Qxa4 11. Nxa4 b6 12. Ne5 Bxe5 13. dxe5 Nac5 14. Bxe4 Nxe4 15. b3 b5 16. cxb5 cxb5 17. Nb2 Bb7 18. O-O Rc8 19. b4 Nc3 20. Nd3 Na4 21. Bb2 O-O 22. Bd4 a6 23. Rfc1 Rxc1+ 24. Rxc1 Rc8 25. Rxc8+ Bxc8 26. f4 Bd7 27. Kf2 Be8 28. Kg3 Bg6 29. Kh4 Kf8 30. Nc5 Nxc5 31. Bxc5+ Ke8 1/2-1/2

[Event "FB21 2324 TuS Coswig 1920 - SV Merseburg"]
[Site "?"]
[Date "2024.01.20"]
[Round "4.3"]
[White "Pflug, Tanja"]
[Black "Lorenz, Veronika"]
[Result "0-1"]
[WhiteElo "1979"]
[BlackElo "1651"]
[PlyCount "144"]
[EventDate "2024.??.??"]

1. d4 Nf6 2. Nf3 g6 3. Bf4 Bg7 4. e3 d6 5. Nbd2 O-O 6. Bd3 Nbd7 7. c3 Qe8 8. e4 e5 9. Bg3 Nh5 10. Qb3 Nxg3 11. hxg3 exd4 12. cxd4 c5 13. Nc4 d5 14. Nd6 Qe6 15. Qxd5 Qxd5 16. exd5 cxd4 17. O-O-O Nb6 18. Kb1 Nxd5 19. Bc4 Rd8 20. Nb5 Bf5+ 21. Bd3 Bxd3+ 22. Rxd3 Nb4 23. Rb3 Nc6 24. Rd1 a6 25. Na3 b5 26. Nc2 Ra7 27. Rbd3 a5 28. Re1 Rc7 29. Re4 Rdc8 30. Re1 b4 31. Red1 Bh6 32. b3 Ne5 33. Nxe5 Rxc2 34. Rxd4 Rxf2 35. Ng4 Rcc2 36. Nxf2 Rxf2 37. Rh4 Bg5 38. Rg4 Bf6 39. Rf4 Rb2+ 40. Kc1 Bc3 41. Rd8+ Kg7 42. Rd7 Rxa2 43. Rfxf7+ Kh6 44. Rxh7+ Kg5 45. Kd1 a4 46. bxa4 b3 47. Rb7 Ra1+ 48. Ke2 b2 49. Kd3 Be5 50. Rhe7 Bf6 51. Rb5+ Kh6 52. Re6 Bg7 53. Reb6 Rxa4 54. Ke2 Ra3 55. Rb3 Ra7 56. Kf3 Rf7+ 57. Kg4 Rf2 58. Kh3 Be5 59. R3b5 Re2 60. Kh4 Re3 61. Rb3 Re4+ 62. g4 Bd4 63. R6b4 Bf2+ 64. Kh3 Re1 65. g3 Bd4 66. Rb5 Be5 67. g5+ Kh5 68. Rxb2 Kxg5 69. R2b4 Re3 70. Rg4+ Kf5 71. Rb6 g5 72. Rc4 Rxg3+ 0-1

[Event "FB21 2324 TuS Coswig 1920 - SV Merseburg"]
[Site "?"]
[Date "2024.01.20"]
[Round "4.4"]
[White "Moldenhauer, Antje"]
[Black "Eue, Vicky"]
[Result "1-0"]
[WhiteElo "1785"]
[BlackElo "1685"]
[PlyCount "49"]
[EventDate "2024.??.??"]

1. e4 c6 2. d4 d5 3. exd5 Qxd5 4. Nf3 Bg4 5. Be2 Nf6 6. O-O e6 7. h3 Bf5 8. c4 Qe4 9. Qb3 b6 10. Bd1 Qd3 11. Nc3 Nbd7 12. Re1 Bg6 13. Re3 Qf5 14. Nh4 Qa5 15. Nxg6 hxg6 16. Bf3 Rc8 17. Bd2 Qa6 18. Rae1 b5 19. cxb5 cxb5 20. Rxe6+ fxe6 21. Rxe6+ Qxe6 22. Qxe6+ Kd8 23. Nxb5 Rb8 24. Ba5+ Nb6 25. Nxa7 1-0

[Event "FB21 2324 TuS Coswig 1920 - SV Merseburg"]
[Site "?"]
[Date "2024.01.20"]
[Round "4.6"]
[White "Rosner, Andrea"]
[Black "Moritz, Cornelia"]
[Result "1-0"]
[WhiteElo "1730"]
[BlackElo "1785"]
[PlyCount "91"]
[EventDate "2024.??.??"]

1. e4 c5 2. Nf3 Nc6 3. d4 cxd4 4. Nxd4 d6 5. Nc3 e5 6. Nf3 Be6 7. b3 Nf6 8. Bb2 a6 9. Bd3 h6 10. O-O Be7 11. h3 O-O 12. Ne2 Nb4 13. c4 Nxd3 14. Qxd3 Nh5 15. Nc3 Nf4 16. Qd2 Bg5 17. Kh2 Nxh3 18. Nxg5 Qxg5 19. Qxg5 Nxg5 20. Rad1 Rad8 21. Ba3 Rd7 22. Rxd6 Rxd6 23. Bxd6 Rd8 24. Bxe5 f6 25. Bf4 Rd4 26. f3 Nf7 27. Nd5 Kf8 28. Be3 Rd3 29. Bc5+ Ke8 30. Nf4 Bxc4 31. bxc4 Rc3 32. Rd1 Rxc4 33. Ne6 Ne5 34. Nc7+ Kf7 35. Bb6 Rc2 36. f4 Ng4+ 37. Kg3 h5 38. Rd7+ Kg6 39. f5+ Kh6 40. Ne6 g5 41. fxg6 Kxg6 42. Rg7+ Kh6 43. Rxb7 Rc8 44. Ng7 Rg8 45. Nf5+ Kg6 46. Ne7+ 1-0

[Event "FB21 2324 SC Rotation Pankow - SG Leipz"]
[Site "?"]
[Date "2024.01.21"]
[Round "5.1"]
[White "Beltz, Franziska"]
[Black "Burchardt, Brigitte"]
[Result "1/2-1/2"]
[WhiteElo "2066"]
[BlackElo "2139"]
[PlyCount "23"]
[EventDate "2024.??.??"]

1. e4 c5 2. Nf3 d6 3. d4 cxd4 4. Nxd4 Nf6 5. Nc3 a6 6. Bd3 e5 7. Nb3 Be6 8. O-O Nbd7 9. f4 Rc8 10. Kh1 Be7 11. Qf3 O-O 12. f5 {=} 1/2-1/2

[Event "FB21 2324 SC Rotation Pankow - SG Leipz"]
[Site "?"]
[Date "2024.01.21"]
[Round "5.2"]
[White "Wagner-Michel, Annett"]
[Black "Gempe, Anet"]
[Result "1/2-1/2"]
[WhiteElo "2007"]
[BlackElo "1934"]
[PlyCount "24"]
[EventDate "2024.??.??"]

1. e4 e6 2. d4 d5 3. Nd2 Nf6 4. e5 Nfd7 5. c3 c5 6. Bd3 Nc6 7. Ne2 cxd4 8. cxd4 f6 9. exf6 Nxf6 10. O-O Bd6 11. Nf3 Qc7 12. Nc3 a6 {=} 1/2-1/2

[Event "FB21 2324 SC Rotation Pankow - SG Leipz"]
[Site "?"]
[Date "2024.01.21"]
[Round "5.4"]
[White "Goehler, Antje"]
[Black "Lobe, Sandra"]
[Result "1/2-1/2"]
[WhiteElo "2069"]
[BlackElo "1802"]
[PlyCount "81"]
[EventDate "2024.??.??"]

1. d4 Nf6 2. Nf3 d6 3. c4 g6 4. Nc3 Bg7 5. e4 O-O 6. Be2 e5 7. O-O Qe7 8. Bg5 c6 9. d5 h6 10. Bd2 c5 11. Ne1 Nbd7 12. a3 Kh7 13. b4 Rg8 14. Nd3 b6 15. Rb1 Nh5 16. Bxh5 gxh5 17. bxc5 bxc5 18. Qxh5 Nf6 19. Qe2 Bf8 20. Kh1 Bg4 21. f3 Bh5 22. g4 Bg6 23. Rg1 Ne8 24. g5 Bh5 25. h4 Rg6 26. Rg3 f6 27. Rbg1 Qf7 28. Qg2 fxg5 29. hxg5 hxg5 30. Rh3 Rh6 31. Ne1 Be7 32. Kh2 Ng7 33. Bxg5 Rg6 34. Rg3 Bxg5 35. Rxg5 Qf4+ 36. Qg3 Rxg5 37. Qxf4 Rxg1 38. Qh4 Rg6 39. Nb5 Rh6 40. Kg3 Rg8 41. Qe7 {=} 1/2-1/2

[Event "FB21 2324 SC Rotation Pankow - SG Leipz"]
[Site "?"]
[Date "2024.01.21"]
[Round "5.5"]
[White "Oswald, Lena"]
[Black "Heyme, Sibylle"]
[Result "0-1"]
[WhiteElo "1849"]
[BlackElo "1985"]
[PlyCount "46"]
[EventDate "2024.??.??"]

1. e4 e5 2. d4 exd4 3. Qxd4 Nc6 4. Qe3 Nf6 5. Bd2 Be7 6. Nc3 d6 7. O-O-O Be6 8. h3 a6 9. f4 g6 10. g4 b5 11. f5 Bc4 12. e5 Nxe5 13. Bg2 b4 14. Nce2 Rb8 15. Nf3 Nfd7 16. Ned4 c5 17. Ne2 Bxa2 18. b3 Qa5 19. Be1 Qa3+ 20. Kd2 c4 21. Ned4 cxb3 22. cxb3 Qb2+ 23. Nc2 Bxb3 0-1

[Event "FB21 2324 SC Rotation Pankow - SG Leipz"]
[Site "?"]
[Date "2024.01.21"]
[Round "5.6"]
[White "Mai, Iris"]
[Black "Oswald, Hannah"]
[Result "1-0"]
[WhiteElo "1948"]
[BlackElo "1812"]
[PlyCount "99"]
[EventDate "2024.??.??"]

1. d4 d5 2. c4 dxc4 3. Nc3 a6 4. a4 Nc6 5. Nf3 Nf6 6. e4 Na5 7. Ne5 c5 8. d5 e6 9. Bxc4 Bd6 10. dxe6 fxe6 11. f4 Bxe5 12. Qxd8+ Kxd8 13. fxe5 Nxc4 14. exf6 gxf6 15. a5 Bd7 16. O-O Ke7 17. b3 Ne5 18. Bf4 Ng6 19. Bg3 Rac8 20. Rad1 c4 21. Bd6+ Ke8 22. b4 Kf7 23. Bc5 Bc6 24. Rd4 Ne5 25. Bd6 Ng4 26. h3 Nh6 27. Be5 Ng8 28. Rxc4 Kg6 29. Bd6 Rd8 30. e5 f5 31. Rd4 Nh6 32. Rfd1 Nf7 33. Ne2 Nxd6 34. Rxd6 Rxd6 35. Rxd6 Kf7 36. Nd4 Bd5 37. Nxf5 exf5 38. Rxd5 Ke6 39. Rc5 Rd8 40. Kf2 Rd7 41. b5 axb5 42. Rxb5 Rc7 43. Kf3 Rc3+ 44. Kf4 Rc7 45. Rb6+ Kd5 46. Rd6+ Kc5 47. Kxf5 Re7 48. Rb6 Kd5 49. Kf6 Rc7 50. e6 1-0

[Event "FB21 2324 SC Kreuzberg - SC Leipzig-Lin"]
[Site "?"]
[Date "2024.01.21"]
[Round "5.1"]
[White "Spangenberg, Romy"]
[Black "Raab, Helen"]
[Result "1/2-1/2"]
[WhiteElo "1843"]
[BlackElo "1860"]
[PlyCount "25"]
[EventDate "2024.??.??"]

1. e4 e6 2. d4 d5 3. Nc3 Bb4 4. exd5 exd5 5. Bd3 Nc6 6. Be3 Nge7 7. Nf3 Bg4 8. h3 Bh5 9. O-O Qd7 10. a3 Bxc3 11. bxc3 Bg6 12. Nh4 Bxd3 13. cxd3 {=} 1/2-1/2

[Event "FB21 2324 SC Kreuzberg - SC Leipzig-Lin"]
[Site "?"]
[Date "2024.01.21"]
[Round "5.2"]
[White "Von Herman, Brigitte"]
[Black "Herbrig, Marie-Helen"]
[Result "1-0"]
[WhiteElo "1882"]
[BlackElo "1851"]
[PlyCount "95"]
[EventDate "2024.??.??"]

1. e4 c5 2. c3 d5 3. exd5 Qxd5 4. d4 Nf6 5. Nf3 Nc6 6. dxc5 Qxc5 7. Na3 Ng4 8. Qe2 a6 9. h3 Nge5 10. Bf4 Nxf3+ 11. Qxf3 b5 12. Be3 Qd6 13. Rd1 Qc7 14. Bd3 Bb7 15. Bb1 e6 16. O-O Bd6 17. c4 Ne5 18. Qe2 Bxa3 19. bxa3 Nxc4 20. Bd4 O-O 21. Rfe1 Rae8 22. a4 e5 23. axb5 axb5 24. Bc3 f5 25. a4 Qc6 26. f3 bxa4 27. Ba2 Ba6 28. Rc1 Kh8 29. Kh1 Nd6 30. Qf2 Qb5 31. Rb1 Qc6 32. Bxe5 Nc4 33. Bd4 Rxe1+ 34. Qxe1 Qd7 35. Qc3 Nd6 36. Be5 Nb5 37. Qa1 Ra8 38. Rd1 Qe7 39. Bb1 Bb7 40. Bxf5 Qg5 41. Bd7 Na7 42. Rc1 Nc6 43. Bxc6 Rc8 44. f4 Qe7 45. Bxb7 Rxc1+ 46. Qxc1 Qxb7 47. Qc7 Qb1+ 48. Kh2 1-0

[Event "FB21 2324 SC Kreuzberg - SC Leipzig-Lin"]
[Site "?"]
[Date "2024.01.21"]
[Round "5.3"]
[White "Lowke, Kathrin"]
[Black "Skogvall, Martina"]
[Result "1-0"]
[WhiteElo "1822"]
[BlackElo "1974"]
[PlyCount "91"]
[EventDate "2024.??.??"]

1. e4 c6 2. d4 d5 3. Nc3 dxe4 4. Nxe4 Nf6 5. Nxf6+ exf6 6. Nf3 Bd6 7. Bd3 O-O 8. O-O a5 9. a4 Na6 10. c3 Nc7 11. Qc2 g6 12. h3 Re8 13. Bd2 Nd5 14. Rfe1 Be6 15. Rab1 Qc7 16. b3 Bf4 17. Rbd1 Re7 18. c4 Bxd2 19. Nxd2 Nb4 20. Qc3 Nxd3 21. Qxd3 Bf5 22. Rxe7 Qxe7 23. Qc3 Qe2 24. Rc1 Qd3 25. Qxd3 Bxd3 26. Rc3 Bf5 27. c5 Rd8 28. Nc4 Rxd4 29. Nd6 Rb4 30. Nc4 Be6 31. Nxa5 Kf8 32. Rd3 Ke7 33. f3 f5 34. Kf2 g5 35. Ke3 h5 36. Kd2 h4 37. Kc3 Rf4 38. Nxb7 g4 39. a5 gxh3 40. gxh3 Bc8 41. a6 f6 42. b4 Ke8 43. Nd6+ Kd8 44. a7 Bb7 45. Nxb7+ Kc7 46. Nd6 1-0

[Event "FB21 2324 SC Kreuzberg - SC Leipzig-Lin"]
[Site "?"]
[Date "2024.01.21"]
[Round "5.4"]
[White "Bolon, Karelle"]
[Black "Lorenz, Nicole"]
[Result "1-0"]
[WhiteElo "1910"]
[BlackElo "1879"]
[PlyCount "67"]
[EventDate "2024.??.??"]

1. d4 d6 2. Bf4 g6 3. Nc3 Bg7 4. e4 Nd7 5. Qd2 c5 6. dxc5 Nxc5 7. f3 a6 8. Bc4 Be6 9. Bd5 Rc8 10. Nge2 Qb6 11. Rb1 Nf6 12. Be3 Qc7 13. Bh6 O-O 14. h4 Bxd5 15. exd5 e5 16. b4 Ncd7 17. Rb3 Rfe8 18. Bxg7 Kxg7 19. Ng3 e4 20. fxe4 Re5 21. h5 Ng8 22. hxg6 fxg6 23. Nf5+ gxf5 24. Qg5+ Kf8 25. Rxh7 Ndf6 26. Rxc7 Rxc7 27. Qd2 fxe4 28. Ne2 Nxd5 29. Rh3 e3 30. Qd3 b5 31. Qg6 Ndf6 32. Rh8 Rf7 33. Nf4 Re8 34. Nd5 1-0

[Event "FB21 2324 SC Kreuzberg - SC Leipzig-Lin"]
[Site "?"]
[Date "2024.01.21"]
[Round "5.5"]
[White "Spangenberg, Pia"]
[Black "Fock, Amina"]
[Result "1/2-1/2"]
[WhiteElo "1780"]
[BlackElo "1880"]
[PlyCount "45"]
[EventDate "2024.??.??"]

1. e4 e5 2. Nf3 Nc6 3. d4 exd4 4. Nxd4 Bc5 5. Be3 Qf6 6. c3 Nge7 7. g3 h5 8. h4 Ne5 9. Bg2 Ng4 10. Qf3 Nxe3 11. fxe3 Qg6 12. Nf5 Nxf5 13. exf5 Qb6 14. b4 Bxe3 15. Na3 Bh6 16. Nc4 Qf6 17. O-O O-O 18. Qd3 d6 19. Rae1 Rb8 20. a4 Rd8 21. b5 d5 22. Ne5 c6 23. Kh2 {=} 1/2-1/2

[Event "FB21 2324 SC Kreuzberg - SC Leipzig-Lin"]
[Site "?"]
[Date "2024.01.21"]
[Round "5.6"]
[White "Fock, Sana"]
[Black "Kalkhof, Sandra"]
[Result "1-0"]
[WhiteElo "1796"]
[BlackElo "1865"]
[PlyCount "41"]
[EventDate "2024.??.??"]

1. e4 e5 2. Nf3 Nf6 3. d4 Nxe4 4. Bd3 d5 5. Nxe5 Be6 6. O-O Nd7 7. Nxd7 Qxd7 8. c4 O-O-O 9. c5 h6 10. Nc3 c6 11. Na4 f5 12. b4 g5 13. Rb1 Bg7 14. b5 Kc7 15. b6+ axb6 16. cxb6+ Kc8 17. Bxe4 dxe4 18. Nc5 Qd6 19. Qa4 Bd5 20. Nxb7 Qb8 21. Nc5 1-0

[Event "FB21 2324 SV Merseburg - SZ Seeblick Di"]
[Site "?"]
[Date "2024.01.21"]
[Round "5.1"]
[White "Peglau, Charis"]
[Black "Safonova, Valeria"]
[Result "1-0"]
[WhiteElo "1984"]
[BlackElo "1761"]
[PlyCount "75"]
[EventDate "2024.??.??"]

1. d4 Nf6 2. c4 e6 3. Nc3 Bb4 4. Nf3 c5 5. Qc2 Nc6 6. a3 Bxc3+ 7. Qxc3 cxd4 8. Nxd4 Nxd4 9. Qxd4 O-O 10. g3 d5 11. Bg2 dxc4 12. Qxc4 Qe7 13. O-O e5 14. Rd1 Rb8 15. Bd2 Be6 16. Qb4 Rfe8 17. Qxe7 Rxe7 18. Bb4 Rd7 19. Rxd7 Nxd7 20. Rc1 b6 21. Bd6 Rd8 22. Bc7 Re8 23. b4 f6 24. a4 Nb8 25. Bb7 Bb3 26. a5 bxa5 27. bxa5 Ba4 28. Bd5+ Kh8 29. Rb1 Na6 30. Bd6 Rd8 31. Bc4 Rxd6 32. Bxa6 g6 33. Rb8+ Kg7 34. Rb7+ Rd7 35. Rb4 Bc6 36. f3 Kf7 37. Kf2 Ke6 38. Bc8 1-0

[Event "FB21 2324 SV Merseburg - SZ Seeblick Di"]
[Site "?"]
[Date "2024.01.21"]
[Round "5.2"]
[White "Hartung, Katja"]
[Black "Peglau, Dora"]
[Result "0-1"]
[WhiteElo "1920"]
[BlackElo "1917"]
[PlyCount "112"]
[EventDate "2024.??.??"]

1. e4 e6 2. d4 d5 3. Nd2 c5 4. exd5 Qxd5 5. Ngf3 cxd4 6. Bc4 Qd7 7. O-O Nf6 8. Nb3 Nc6 9. Nbxd4 Nxd4 10. Nxd4 a6 11. Nf3 Qc7 12. Qe2 b5 13. Bd3 Bb7 14. Bg5 Be7 15. Ne5 O-O 16. Rfe1 Nd5 17. Bxe7 Qxe7 18. Be4 Rfd8 19. Rad1 Rac8 20. c3 Qf6 21. h3 Nf4 22. Rxd8+ Rxd8 23. Qf3 Qxe5 24. Re3 Bxe4 25. Rxe4 Nxh3+ 26. gxh3 Qd5 27. Rd4 Qg5+ 28. Rg4 Qf5 29. Qg3 g6 30. Rf4 Rd1+ 31. Kh2 Qd5 32. Rf3 Kg7 33. Qf4 Qd6 34. Qxd6 Rxd6 35. b3 Rd2 36. a4 bxa4 37. bxa4 Ra2 38. Rf4 g5 39. Rf3 Rxa4 40. Rd3 Rc4 41. Rd6 a5 42. Ra6 a4 43. Kg2 Kg6 44. f3 h5 45. Kg3 Kf5 46. Ra8 h4+ 47. Kf2 e5 48. Ra6 Rxc3 49. Rxa4 Rc2+ 50. Kg1 Rd2 51. Rb4 f6 52. Ra4 Rd4 53. Ra6 Kf4 54. Rxf6+ Kg3 55. Kf1 Rf4 56. Rg6 Rxf3+ 0-1

[Event "FB21 2324 SV Merseburg - SZ Seeblick Di"]
[Site "?"]
[Date "2024.01.21"]
[Round "5.3"]
[White "Peglau, Mirjam"]
[Black "Pflug, Tanja"]
[Result "1-0"]
[WhiteElo "1874"]
[BlackElo "1979"]
[PlyCount "95"]
[EventDate "2024.??.??"]

1. d4 f5 2. g3 Nf6 3. Bg2 g6 4. Nd2 d6 5. e4 fxe4 6. Nxe4 Bg7 7. Bg5 O-O 8. c3 c6 9. Ne2 Qe8 10. Bxf6 exf6 11. Nxd6 Qd7 12. Nxc8 Qxc8 13. O-O Na6 14. Nf4 Nc7 15. Re1 Qd7 16. Qb3+ Qf7 17. Qxb7 Rab8 18. Qxc6 Rxb2 19. d5 Rb6 20. Qc5 Rb5 21. Qa3 Re8 22. c4 Bf8 23. Qd3 Rc5 24. Qd4 Rd8 25. Nd3 Ra5 26. Qc3 Ra3 27. Qc2 Qd7 28. Re2 Rb8 29. c5 Nb5 30. Qc4 Rc3 31. Qf4 Rc8 32. c6 Qd6 33. Qxd6 Bxd6 34. Nf4 Nd4 35. Rd2 Rc4 36. Rad1 Nf5 37. Ne6 Kf7 38. Rb2 Re8 39. Bh3 Re7 40. Rdb1 Be5 41. Rb7 Nd6 42. Rb8 Ne8 43. R8b5 f5 44. Rc5 Ra4 45. Rbc1 Nc7 46. Nxc7 Bxc7 47. d6 Bxd6 48. c7 1-0

[Event "FB21 2324 SV Merseburg - SZ Seeblick Di"]
[Site "?"]
[Date "2024.01.21"]
[Round "5.4"]
[White "Eue, Vicky"]
[Black "Peglau, Sarah"]
[Result "1-0"]
[WhiteElo "1685"]
[BlackElo "1767"]
[PlyCount "59"]
[EventDate "2024.??.??"]

1. e4 e6 2. d4 d5 3. exd5 exd5 4. Nf3 Bg4 5. Bd3 Bd6 6. O-O Nd7 7. h3 Bh5 8. c3 c6 9. Bg5 f6 10. Re1+ Ne7 11. Be3 Qc7 12. Nbd2 O-O-O 13. b4 g5 14. Qc2 Bxf3 15. Nxf3 h5 16. Bxg5 fxg5 17. Nxg5 Rde8 18. Ne6 Qb8 19. b5 Nf8 20. Ng7 Rd8 21. bxc6 Nxc6 22. Bf5+ Nd7 23. Ne6 Rdg8 24. c4 Bb4 25. Re3 Qd6 26. c5 Qb8 27. a3 Ba5 28. Rb1 Nd8 29. Qa4 Bc7 30. Nf8 1-0

[Event "FB21 2324 SV Merseburg - SZ Seeblick Di"]
[Site "?"]
[Date "2024.01.21"]
[Round "5.6"]
[White "Moritz, Cornelia"]
[Black "Peglau, Lorena"]
[Result "1/2-1/2"]
[WhiteElo "1785"]
[BlackElo "1160"]
[PlyCount "32"]
[EventDate "2024.??.??"]

1. e4 e6 2. d4 d5 3. exd5 exd5 4. Nf3 Bd6 5. Bg5 f6 6. Be3 Ne7 7. Nh4 Be6 8. Bd3 c6 9. c3 Nd7 10. Qc2 g6 11. f4 Rg8 12. f5 Bf7 13. fxg6 hxg6 14. Nd2 Qc7 15. Ndf3 O-O-O 16. O-O-O Rde8 1/2-1/2

[Event "FB21 2324 SC Rochade Zeulenroda - TuS C"]
[Site "?"]
[Date "2024.01.21"]
[Round "5.1"]
[White "Timme, Karin"]
[Black "von Erichsen, Annegret"]
[Result "1/2-1/2"]
[WhiteElo "2060"]
[BlackElo "1968"]
[PlyCount "146"]
[EventDate "2024.??.??"]

1. d4 Nf6 2. c4 e6 3. Nf3 b6 4. g3 Bb7 5. Bg2 Be7 6. O-O O-O 7. Nc3 Ne4 8. Qc2 Nxc3 9. Qxc3 Bf6 10. Qd3 d5 11. cxd5 exd5 12. Ne5 c5 13. Be3 Na6 14. b3 Qe7 15. Nf3 Rfd8 16. Rac1 cxd4 17. Bxd4 Nc5 18. Qf5 Ne4 19. Bxf6 Nxf6 20. e3 Rac8 21. Nd4 Ne4 22. a4 Rc5 23. Ra1 Rdc8 24. Rfd1 Nc3 25. Re1 Ne4 26. h4 Rc3 27. Red1 R3c5 28. Qf4 g6 29. Bh3 Rd8 30. Kg2 Qf6 31. Qxf6 Nxf6 32. Rac1 Bc8 33. b4 Bxh3+ 34. Kxh3 Rxc1 35. Rxc1 Ne4 36. Kg2 Rd7 37. Nb5 a5 38. bxa5 bxa5 39. Rc8+ Kg7 40. Ra8 Nd6 41. Nxd6 Rxd6 42. Rxa5 d4 43. exd4 Rxd4 44. Ra7 h5 45. a5 Ra4 46. a6 Kf6 47. Ra8 Ra3 48. a7 Kf5 49. f3 Ra2+ 50. Kf1 Ra4 51. Ke2 Ra3 52. Kd2 Ra4 53. Kc3 Ra1 54. Kc4 Kf6 55. Kd5 Kg7 56. g4 hxg4 57. fxg4 Rd1+ 58. Ke4 Re1+ 59. Kf3 Rf1+ 60. Kg2 Ra1 61. h5 gxh5 62. gxh5 Ra3 63. Kf2 Kh7 64. Ke2 Kg7 65. Kd2 Kh7 66. Kc2 Kg7 67. Kb2 Ra4 68. Kb3 Ra1 69. h6+ Kh7 70. Kc4 f5 71. Kd3 f4 72. Ke4 f3 73. Kxf3 Ra4 1/2-1/2

[Event "FB21 2324 SC Rochade Zeulenroda - TuS C"]
[Site "?"]
[Date "2024.01.21"]
[Round "5.2"]
[White "Zarubinskaya, Irina"]
[Black "Richter, Ulrike"]
[Result "1/2-1/2"]
[WhiteElo "1730"]
[BlackElo "1850"]
[PlyCount "82"]
[EventDate "2024.??.??"]

1. e4 c5 2. Nf3 Nc6 3. d4 cxd4 4. Nxd4 Nf6 5. Nc3 g6 6. Nxc6 bxc6 7. e5 Ng8 8. Be3 Bg7 9. f4 Nh6 10. Be2 O-O 11. Qd2 Qa5 12. O-O Nf5 13. Bf2 f6 14. g4 Nh6 15. exf6 exf6 16. a3 d5 17. b4 Qd8 18. h3 Bb7 19. Rad1 Qc7 20. Na4 Nf7 21. Nc5 Rfe8 22. Bd3 Rad8 23. Rfe1 Bc8 24. Kg2 Nd6 25. Rxe8+ Rxe8 26. Re1 Re7 27. Rxe7 Qxe7 28. Qe3 Kf8 29. Qxe7+ Kxe7 30. Bd4 Nb5 31. Bxb5 cxb5 32. Kf3 Kf7 33. a4 a6 34. a5 Bf8 35. Nd3 h5 36. c3 hxg4+ 37. hxg4 Bd6 38. g5 Bf5 39. Nc5 Bxc5 40. Bxc5 fxg5 41. fxg5 Ke6 1/2-1/2

[Event "FB21 2324 SC Rochade Zeulenroda - TuS C"]
[Site "?"]
[Date "2024.01.21"]
[Round "5.3"]
[White "Lorenz, Veronika"]
[Black "Riemer-Nlula, Marion"]
[Result "1-0"]
[WhiteElo "1651"]
[BlackElo "1824"]
[PlyCount "55"]
[EventDate "2024.??.??"]

1. e4 d5 2. exd5 Nf6 3. d4 Nxd5 4. c4 Nb6 5. Nc3 g6 6. Nf3 Bg7 7. c5 Nd5 8. Bc4 Nxc3 9. bxc3 O-O 10. O-O Bg4 11. h3 Bxf3 12. Qxf3 c6 13. Re1 e6 14. Bf4 Nd7 15. a4 Nf6 16. Rab1 Qd7 17. Re2 Nd5 18. Bxd5 cxd5 19. a5 Qa4 20. Rxb7 Qxa5 21. Bd6 Qa6 22. Reb2 f6 23. Bxf8 Rxf8 24. Qg3 e5 25. Rb8 Qa4 26. Rxf8+ Bxf8 27. Rb8 exd4 28. Qd6 1-0

[Event "FB21 2324 SC Rochade Zeulenroda - TuS C"]
[Site "?"]
[Date "2024.01.21"]
[Round "5.4"]
[White "Loos, Tilda"]
[Black "Moldenhauer, Antje"]
[Result "1-0"]
[WhiteElo "1359"]
[BlackElo "1785"]
[PlyCount "55"]
[EventDate "2024.??.??"]

1. e4 c5 2. c3 Nf6 3. e5 Nd5 4. Bc4 Nb6 5. Bb3 c4 6. Bc2 Nc6 7. Nf3 Qc7 8. O-O Nxe5 9. Nxe5 Qxe5 10. Re1 Qc7 11. d4 cxd3 12. Qxd3 Qc4 13. Qg3 g6 14. Na3 Qc6 15. Bg5 h6 16. Bxe7 Bxe7 17. Qe5 O-O 18. Qxe7 d5 19. Qh4 Kh7 20. Rad1 Be6 21. Bb3 Rac8 22. Nc2 Rfd8 23. Nd4 Qd7 24. Qf6 Re8 25. Bc2 Nc4 26. Nxe6 Rxe6 27. Bxg6+ fxg6 28. Rxe6 1-0